Statistiques concernant Pays avec un ou plusieurs K

Cliquez ici pour prendre le quiz!

Statistiques générales

  • Ce quiz a été pris 319 fois
  • Le résultat moyen est 11 sur 15

Statistiques - réponses

Nombre de K Pays % Correct
KKKazakhstan
91%
KKirghizistan
88%
KTurkménistan
87%
KKenya
86%
KKoweït
84%
KKiribati
83%
KOuzbékistan
83%
KTadjikistan
81%
KPakistan
80%
KKosovo
72%
KUkraine
57%
KIrak
54%
KSri Lanka
54%
KBurkina Faso
46%
KDanemark
45%

Distribution des résultats

Percentile by Number Answered

% des personnes avec chaque résultat

Votre développement - résultats

Vous n’avez pas pris ce quiz